Statistics for All Pokémon Legendaries

Click here to take the quiz!

General Stats

  • This quiz has been taken 33 times
  • The average score is 44 of 64

Answer Stats

Dex No.Legendary Pokémon% Correct
#150Mewtwo
100%
#144Articuno
96%
#144 (G)Galarian Articuno
96%
#146 (G)Galarian Moltres
96%
#145 (G)Galarian Zapdos
96%
#146Moltres
96%
#145Zapdos
96%
#244Entei
93%
#383Groudon
93%
#382Kyogre
93%
#384Rayquaza
93%
#245Suicune
93%
#483Dialga
89%
#484Palkia
89%
#378Regice
89%
#377Regirock
89%
#379Registeel
89%
#487Giratina
85%
#250Ho-Oh
85%
#249Lugia
85%
#243Raikou
85%
#482Azelf
81%
#643Reshiram
81%
#717Yveltal
81%
#644Zekrom
81%
#646Kyurem
78%
#480Uxie
78%
#716Xerneas
78%
#486Regigigas
74%
#639Terrakion
74%
#718Zygarde
74%
#380Latias
70%
#381Latios
70%
#481Mesprit
70%
#640Virizion
70%
#638Cobalion
67%
#485Heatran
67%
#641Tornadus
67%
#888Zacian
67%
#645Landorus
63%
#792Lunala
63%
#889Zamazenta
63%
#488Cresselia
59%
#800Necrozma
59%
#791Solgaleo
59%
#642Thundurus
59%
#787Tapu Bulu
56%
#788Tapu Fini
56%
#785Tapu Koko
56%
#786Tapu Lele
56%
#789Cosmog
48%
#890Eternatus
48%
#898Calyrex
44%
#790Cosmoem
41%
#891Kubfu
37%
#892Urshifu
37%
#896Glastrier
33%
UnknownKoraidon
33%
UnknownMiraidon
33%
#895Regidrago
33%
#894Regieleki
33%
#897Spectrier
33%
#773Silvally
26%
#772Type: Null
22%

Score Distribution

Percentile by Number Answered

Percent of People with Each Score

Your Score History

You have not taken this quiz